Linkin Park Quiz - Statistics

General Stats
  • This quiz has been taken 943 times
  • The average score is 10 of 15
Answer Stats
Hint Answer % Correct
lead singer chester bennington
97%
rapper mike shinoda
95%
name of their first album hybrid theory
91%
their 2nd album meteora
89%
3rd minutes to midnight
79%
4th a thousand suns
71%
5th living things
71%
side project of the rapper fort minor
63%
DJ and sampler joe hahn
63%
original name of the band xero
60%
guitarist brad delson
54%
the song about the DJ on their first album cure for the itch
47%
old side project of the lead singer dead by sunrise
43%
middle name of rapper kenji
36%
current side project of the lead singer stone temple pilots
35%
No matching quizzes found
Score Distribution
Percent of People with Each Score
Percentile by Number Answered
Your Score History
You have not taken this quiz